| Tag |
First Indicator |
Second Indicator |
Subfields |
| LEADER |
00000cam a2200000Ia 4500 |
| 001 |
in00001663145 |
| 005 |
20151023125452.0 |
| 008 |
020207s2001 gw a 000 0 eng d |
| 020 |
|
|
|a 3931126722 (pbk.)
|
| 035 |
|
|
|a (OCoLC)ocm48955167
|
| 040 |
|
|
|a FDM
|c FDM
|d TXA
|d UtOrBLW
|
| 049 |
|
|
|a TXAM
|
| 050 |
0 |
0 |
|a TK5105.888
|b .A137 2001
|
| 245 |
0 |
0 |
|a 72-dpi anime /
|c edited by Robert Klanten [and others] ; [texts by Jan Rikus Hillmann ... ; translations by Sonja Commentz].
|
| 246 |
3 |
|
|a Seventy-two dpi anime
|
| 264 |
|
1 |
|a [Berlin] :
|b Die Gestalten Verlag,
|c [2001]
|
| 264 |
|
4 |
|c ©2001
|
| 300 |
|
|
|a 1 volume (unpaged) :
|b illustrations (chiefly color) ;
|c 24 x 28 cm +
|e 1 DVD/DVD-ROM (4 3/4 in.) + 1 sheet
|
| 336 |
|
|
|a text
|b txt
|2 rdacontent
|
| 337 |
|
|
|a unmediated
|b n
|2 rdamedia
|
| 338 |
|
|
|a volume
|b nc
|2 rdacarrier
|
| 650 |
|
0 |
|a Web sites.
|
| 650 |
|
0 |
|a Webmasters
|v Interviews.
|
| 650 |
|
0 |
|a Computer art.
|
| 700 |
1 |
|
|a Klanten, Robert.
|
| 700 |
1 |
|
|a Hillmann, Jan Rikus.
|
| 948 |
|
|
|a cataloged
|b h
|c 2002/2/20
|d c
|e jspillan
|f 1:27:25 pm
|
| 994 |
|
|
|a E0
|b TXA
|
| 999 |
|
|
|a MARS
|
| 999 |
f |
f |
|s e971c384-ba69-32bc-bcb9-63d9bc1f7bbb
|i a2010bc0-3912-3c24-b4f1-a04978ee5d13
|t 0
|
| 952 |
f |
f |
|p ric
|a Texas A&M University
|b Rellis Campus
|c Joint Library Facility
|d Remote Storage
|t 0
|e TK5105.888 .A137 2001
|h Library of Congress classification
|i unmediated -- volume
|m A14828428693
|
| 998 |
f |
f |
|a TK5105.888 .A137 2001
|t 0
|l Remote Storage
|